000
00297nam a2200133Ia 4500
008
230411s9999 xx 000 0 und d
041
_a
eng
082
_a
F/610/PAN/B04443
100
_a
Panda U N
245
_a
Nurses Dictionary
260
_a
New Delhi
300
_a
726p
999
_c
155098
_d
155098